Stín recese nad Velkou trojkou.

Cyklické kolísanie rastu reálneho hrubého domáceho produktu (HDP) - objektívny proces, ktorý možno sledovať u národného i svetového hospodárstva. Súčasná recesia svetovej ekonomiky. V r. 1990-1992 došlo k prudkému poklesu ekonomického rastu. Pokles rastu svetového HDP. Stav depresie v postkomunistic...

Descrizione completa

Salvato in:
Dettagli Bibliografici
Autore principale: Bernášek, V.
Natura: Capitolo di libro
Lingua:ceco
Soggetti:
Tags: Aggiungi Tag
Nessun Tag, puoi essere il primo ad aggiungerne!!

MARC

LEADER 00000naa a2200000 4500
001 r013055
005 20221205080104.8
041 0 |a cze 
044 |a CZ 
245 1 0 |a Stín recese nad Velkou trojkou.  |c V. Bernášek 
520 |a Cyklické kolísanie rastu reálneho hrubého domáceho produktu (HDP) - objektívny proces, ktorý možno sledovať u národného i svetového hospodárstva. Súčasná recesia svetovej ekonomiky. V r. 1990-1992 došlo k prudkému poklesu ekonomického rastu. Pokles rastu svetového HDP. Stav depresie v postkomunistických krajinách. Recesia a "Veľká trojka" (USA, Európske spoločenstvo a Japonsko). 
610 2 0 |a rast hospodársky 
610 2 0 |a hospodárstvo svetové 
610 2 0 |a recesia 
610 2 0 |a produkt domáci hrubý 
610 2 0 |a depresia 
610 2 0 |a USA 
610 2 0 |a Európske spoločenstvá 
610 2 0 |a Japonsko 
610 2 0 |a východná Európa 
610 2 0 |a stredná Európa 
610 2 0 |a 1990-1992 
100 1 |a Bernášek, V.